000 01521nab a22002537a 4500
999 _c6330
_d6330
003 OSt
005 20260130205220.0
008 190603e xxum|||| |||| 00| 0 spa d
040 _cPJ
100 _97000
_aResqui Pizarro, Jorge C.
245 1 0 _aPlataformas digitales para alquileres temporarios :
_bel desafío del mercado inmobiliario de las locaciones /
_cJorge C. Resqui Pizarro.
260 _cCiudad Autónoma de Buenos Aires :
_aThomson Reuters La Ley,
_b2025.
300 _ap. 50-61
500 _aCita: TR LALEY AR/DOC/2279/2025 Publicado en: RCCyC 2025 (Octubre).
505 _aSumario: I. Introducción.— II. Derechos y obligaciones del huésped.— III. Derechos y obligaciones del anfitrión.— IV. Antecedente en la Ciudad Autónoma de Buenos Aires.— V. Lo que hicieron otros países con Airbnb y otras plataformas.— VI. No más Airbnb en la nueva Ley de Alquileres de Portugal.— VII. Contratos remotos, e-contracts y smart contracts en las plataformas digitales.— VIII. Firmas en el entorno digital: digital vs. electrónica.
505 _t¿Te interesa el texto completo? Solicitalo al correo: koha@justierradelfuego.gov.ar
650 0 _91497
_aCODIGO CIVIL Y COMERCIAL
650 0 _93463
_aCONTRATOS
650 0 _93597
_aLOCACIÓN DE INMUEBLES
650 0 _93963
_aCONTRATO DE TURISMO
650 0 _95264
_aTURISMO
773 0 _02713
_93170
_dCiudad Autónoma de Buenos Aires : Thomson Reuters La Ley, 2015-
_tRevista Código Civil y Comercial. Nº 5 - Octubre 2025
942 _2udc
_cANA